| 000 | 00549cam a22002054a 4500 | ||
|---|---|---|---|
| 003 | OSt | ||
| 005 | 20260402150710.0 | ||
| 008 | 040112s2004 nyu b 001 0 eng | ||
| 020 | _a9780415215275 | ||
| 040 |
_cHDL _beng |
||
| 082 | 0 | 0 |
_a294.5 P4 _222 |
| 245 | 0 | 4 |
_aThe Hindu world / _cedited by Sushil Mittal and Gene Thursby. |
| 260 |
_aNew York : _bRoutledge, _c2004. |
||
| 300 |
_axi, 657 p. _c26 cm. |
||
| 440 | 4 |
_aThe Routledge worlds _91234073 |
|
| 650 | 0 | _aHinduism. | |
| 651 | _aIndia | ||
| 942 |
_2CC _cTEXL _n0 |
||
| 999 |
_c1847965 _d1847965 |
||